[Event "SG Ennepe-Ruhr-Süd 1 - SG Niederkassel "]
[Site "NRW-Klasse, Gruppe 1 2014/201"]
[Date "2015.04.26"]
[Round "9.5"]
[White "Schienmann, Bruno"]
[Black "Moors, Hans"]
[Result "1-0"]
[WhiteElo "2204"]
[BlackElo "2083"]
[PlyCount "115"]
[EventDate "2015.??.??"]
[WhiteTeam "SG Niederkassel 1"]
[BlackTeam "SG Ennepe-Ruhr-Süd 1"]

1. d4 Nf6 2. c4 e6 3. Nc3 Bb4 4. e3 c5 5. Nge2 O-O 6. d5 d6 7. a3 Ba5 8. Bd2
exd5 9. cxd5 Re8 10. f3 Nbd7 11. e4 a6 12. Ng3 b5 13. Be2 c4 14. O-O Nc5 15.
Kh1 Nb3 16. Rb1 Nd7 17. Be3 Ndc5 18. Qc2 Qe7 19. Rbd1 g6 20. Rfe1 h5 21. Bf1
Qf6 22. Kg1 Ra7 23. Nh1 Rae7 24. Nf2 Qg7 25. Bg5 Rb7 26. g3 Na4 27. e5 dxe5 28.
Nfe4 Bf5 29. Nxa4 Bxe1 30. Bh3 Bxe4 31. Qxe4 Ba5 32. d6 Rbb8 33. d7 Rf8 34. Nc3
f5 35. Qd5+ Qf7 36. Be7 Nd4 37. Bxf8 Qxd5 38. Nxd5 Kxf8 39. f4 Rd8 40. fxe5
Rxd7 41. Bg2 Ne6 42. h3 Nc7 43. Kf2 Nxd5 44. Bxd5 Ke7 45. Kf3 c3 46. bxc3 Bxc3
47. Kf4 Bb2 48. e6 Rc7 49. Rd3 Kf6 50. h4 Be5+ 51. Kf3 Rc5 52. Ke2 Bxg3 53. Bb3
Bxh4 54. Rd7 Rc3 55. e7 Rxb3 56. e8=Q Rb2+ 57. Kd1 Kg5 58. Qe7+ 1-0

[Event "SG Ennepe-Ruhr-Süd 1 - SG Niederkassel "]
[Site "NRW-Klasse, Gruppe 1 2014/201"]
[Date "2015.04.26"]
[Round "9.6"]
[White "Bruchmann, Norbert"]
[Black "Dierkes, Tobias"]
[Result "0-1"]
[WhiteElo "2060"]
[BlackElo "2110"]
[Annotator "Hausrath,Daniel"]
[PlyCount "56"]
[EventDate "2015.??.??"]
[WhiteTeam "SG Ennepe-Ruhr-Süd 1"]
[BlackTeam "SG Niederkassel 1"]

1. e4 c5 2. Nf3 e6 3. b3 Nc6 4. Bb5 Nge7 5. Bb2 a6 6. Bd3 d6 7. c3 g6 8. c4 e5
9. Nc3 Bg7 10. h3 Rb8 11. g4 h5 12. g5 Nd4 13. Nxd4 cxd4 14. Ne2 h4 15. Ng1 Nc6
16. Nf3 Be6 17. Be2 Bf8 18. d3 Be7 19. Qd2 d5 20. O-O-O dxe4 21. dxe4 Bb4 22.
Qc2 Qa5 23. Kb1 O-O 24. Ne1 $11 Bxe1 25. Rdxe1 Nb4 26. Qd1 Qxa2+ 27. Kc1 b5 28.
Bg4 bxc4 0-1

[Event "SG Ennepe-Ruhr-Süd 1 - SG Niederkassel "]
[Site "NRW-Klasse, Gruppe 1 2014/201"]
[Date "2015.04.26"]
[Round "9.7"]
[White "Riedel, Holger"]
[Black "Osswald, Luis Monty"]
[Result "0-1"]
[WhiteElo "2153"]
[BlackElo "1976"]
[Annotator "Hausrath,Daniel"]
[PlyCount "72"]
[EventDate "2015.??.??"]
[WhiteTeam "SG Niederkassel 1"]
[BlackTeam "SG Ennepe-Ruhr-Süd 1"]

1. d4 Nf6 2. Nf3 e6 3. e3 c5 4. Bd3 b6 5. O-O Bb7 6. Qe2 Be7 7. Nbd2 d6 8. b3
O-O 9. Bb2 Nbd7 10. c4 Qc7 11. e4 cxd4 12. Nxd4 a6 13. Rae1 g6 14. f4 e5 15.
fxe5 Nxe5 16. h3 Rfe8 17. Rf2 Nh5 18. Nf5 Bg5 19. Bxe5 dxe5 20. Qg4 Bxd2 21.
Rxd2 Bc8 22. Qg5 Bxf5 23. exf5 Rad8 $11 24. fxg6 hxg6 25. Be4 Rxd2 26. Qxd2 Rd8
27. Qf2 Nf4 28. Kh1 Rd4 29. Qf3 Qd7 30. Rf1 Rd2 31. Qe3 Re2 32. Qxb6 Rxe4 33.
Qxa6 Re2 34. Qa8+ Kg7 35. Qb8 Nxg2 36. c5 Nf4 0-1

[Event "SG Ennepe-Ruhr-Süd 1 - SG Niederkassel "]
[Site "NRW-Klasse, Gruppe 1 2014/201"]
[Date "2015.04.26"]
[Round "9.8"]
[White "Schaefer, Martin"]
[Black "Jahn, Daniel"]
[Result "0-1"]
[WhiteElo "1866"]
[BlackElo "1878"]
[Annotator "Hausrath,Daniel"]
[PlyCount "86"]
[EventDate "2015.??.??"]
[WhiteTeam "SG Ennepe-Ruhr-Süd 1"]
[BlackTeam "SG Niederkassel 1"]

1. d4 d5 2. c4 e6 3. Nc3 c6 4. e4 Bb4 5. e5 Ne7 6. a3 Bxc3+ 7. bxc3 Nd7 8. Qg4
g6 9. Bd3 c5 $11 10. Ne2 cxd4 11. cxd4 dxc4 12. Bxc4 Nb6 13. Bd3 Nc6 14. Bg5
Qd5 15. O-O Bd7 16. Bf6 Rg8 17. a4 Qa5 18. Rfb1 Nb4 19. Be4 Bc6 20. Ng3 N6d5
21. Bxd5 Qxd5 22. Ne2 Nc2 23. Nf4 Qe4 24. f3 Qxd4+ 25. Kh1 Nxa1 26. h4 Nc2 27.
Kh2 Ne3 28. Qg5 Nd5 29. Nh5 Kd7 30. Ng3 Qf4 31. Rd1 Qxg5 32. Bxg5 Bxa4 33. Rd4
Bc6 34. Ne4 Kc7 35. Nd6 a5 36. Bc1 b5 37. Nxf7 b4 38. Ng5 Bd7 39. Rc4+ Kb6 40.
Rd4 Rgc8 41. Bd2 Kb5 42. Nf7 Rc2 43. Be1 b3 0-1

[Event "SV Kamen 1 - Elberfelder SG 1"]
[Site "NRW-Klasse, Gruppe 1 2014/201"]
[Date "2015.04.26"]
[Round "9.1"]
[White "Odendahl, Reiner"]
[Black "Weidemann, Christian"]
[Result "1/2-1/2"]
[WhiteElo "2265"]
[BlackElo "2224"]
[PlyCount "26"]
[EventDate "2015.??.??"]
[WhiteTeam "Elberfelder SG 1"]
[BlackTeam "SV Kamen 1"]

1. g3 Nf6 2. Bg2 e5 3. d3 d5 4. Nf3 Nc6 5. O-O Be7 6. c4 dxc4 7. dxc4 O-O 8.
Nc3 Bg4 9. Nd5 e4 10. Ng5 Nxd5 11. cxd5 Nb4 12. h3 Bf5 13. Nxe4 Nxd5 1/2-1/2

[Event "SV Kamen 1 - Elberfelder SG 1"]
[Site "NRW-Klasse, Gruppe 1 2014/201"]
[Date "2015.04.26"]
[Round "9.2"]
[White "Kilian, Ralf"]
[Black "Mantler, Hendrik"]
[Result "0-1"]
[WhiteElo "2133"]
[BlackElo "2199"]
[Annotator "Hausrath,Daniel"]
[PlyCount "75"]
[EventDate "2015.??.??"]
[WhiteTeam "SV Kamen 1"]
[BlackTeam "Elberfelder SG 1"]

1. e4 e5 2. Nf3 Nc6 3. Bb5 a6 4. Ba4 Nf6 5. Nc3 b5 6. Bb3 Bc5 7. d3 h6 8. Nd5
d6 9. c3 Be6 10. a4 Bxd5 11. Bxd5 Nxd5 12. exd5 Ne7 13. Qb3 O-O 14. O-O Qb8 15.
Re1 Re8 16. axb5 axb5 17. Rxa8 Qxa8 18. Qxb5 Rb8 19. Qc4 Qxd5 20. Qxd5 Nxd5 21.
b4 Bb6 22. Bd2 Nf6 23. Ra1 e4 24. dxe4 $11 Nxe4 25. Be1 g5 26. Kf1 Re8 27. Ra2
f5 28. Ra3 Kf7 29. Nd2 Bxf2 30. Nxe4 Bxe1 31. Ra7 Rxe4 32. Rxc7+ Ke6 33. b5 Bd2
34. b6 Re1+ 35. Kf2 Rb1 36. Ke2 Bf4 37. g3 Be5 38. b7 0-1

[Event "SV Kamen 1 - Elberfelder SG 1"]
[Site "NRW-Klasse, Gruppe 1 2014/201"]
[Date "2015.04.26"]
[Round "9.3"]
[White "Kurr, Gerd"]
[Black "Kleinegger, Frank"]
[Result "0-1"]
[WhiteElo "2190"]
[BlackElo "2142"]
[PlyCount "78"]
[EventDate "2015.??.??"]
[WhiteTeam "Elberfelder SG 1"]
[BlackTeam "SV Kamen 1"]

1. d4 d5 2. c4 c6 3. Nc3 Nf6 4. Nf3 e6 5. Bg5 dxc4 6. e4 b5 7. e5 h6 8. Bh4 g5
9. Nxg5 hxg5 10. Bxg5 Be7 11. exf6 Bxf6 12. Bxf6 Qxf6 13. g3 Bb7 14. Bg2 Na6
15. Ne4 Qe7 16. O-O O-O-O 17. a4 f5 18. axb5 cxb5 19. Rxa6 Bxa6 20. Nc5 Qxc5
21. dxc5 Rxd1 22. Rxd1 Kc7 23. Ra1 Bc8 24. Rxa7+ Kb8 25. Ra5 Rd8 26. Rxb5+ Kc7
27. Bf3 Rd2 28. c6 Rc2 29. Kg2 e5 30. Rxe5 Rxb2 31. h4 c3 32. Rc5 c2 33. h5 Ba6
34. g4 Bd3 35. Kg3 Rb4 36. Rc3 Rc4 37. Rxd3 c1=Q 38. Rd7+ Kc8 39. Rf7 Qg1+ 0-1

[Event "SV Kamen 1 - Elberfelder SG 1"]
[Site "NRW-Klasse, Gruppe 1 2014/201"]
[Date "2015.04.26"]
[Round "9.4"]
[White "Himmel, Hansjoerg"]
[Black "Kesseler, Heiko"]
[Result "1-0"]
[WhiteElo "2136"]
[BlackElo "2004"]
[PlyCount "71"]
[EventDate "2015.??.??"]
[WhiteTeam "SV Kamen 1"]
[BlackTeam "Elberfelder SG 1"]

1. e4 c5 2. Nf3 e6 3. d4 cxd4 4. Nxd4 Nf6 5. Nc3 Nc6 6. Nxc6 bxc6 7. e5 Nd5 8.
Ne4 Qc7 9. f4 Qb6 10. c4 Bb4+ 11. Ke2 f5 12. Nf2 Bc5 13. Nd3 Ne3 14. Qb3 Nxf1
15. Rxf1 Ba6 16. Bd2 Kf7 17. Rac1 Rhb8 18. Qa4 Rd8 19. Ba5 Qb7 20. Nxc5 Qxb2+
21. Rc2 Qd4 22. Bxd8 Qxc5 23. Qxa6 Qd4 24. Rf3 Qe4+ 25. Kd2 Qd4+ 26. Rd3 Qf2+
27. Kc3 Qe1+ 28. Kb2 Rb8+ 29. Rb3 Rxd8 30. Qxa7 g5 31. g3 gxf4 32. gxf4 Qe4 33.
Qe3 Qh1 34. Qd3 d5 35. Rb7+ Kf8 36. Qh3 1-0

[Event "SV Kamen 1 - Elberfelder SG 1"]
[Site "NRW-Klasse, Gruppe 1 2014/201"]
[Date "2015.04.26"]
[Round "9.5"]
[White "Kuehne, Marco"]
[Black "Georg, Heinz"]
[Result "1/2-1/2"]
[WhiteElo "2005"]
[BlackElo "2161"]
[PlyCount "106"]
[EventDate "2015.??.??"]
[WhiteTeam "Elberfelder SG 1"]
[BlackTeam "SV Kamen 1"]

1. d4 f5 2. c4 Nf6 3. Nc3 d6 4. Nf3 g6 5. Qc2 Bg7 6. e3 O-O 7. Be2 Nc6 8. a3 e5
9. dxe5 dxe5 10. O-O e4 11. Rd1 Qe7 12. Nd4 Ne5 13. Nd5 Qf7 14. Nb5 Ne8 15. Nf4
a6 16. Nd4 c5 17. Nb3 b6 18. Nd5 Rb8 19. a4 a5 20. Nd2 Nc7 21. f4 exf3 22. Nxf3
Ne6 23. Nf4 Nxf4 24. exf4 Nc6 25. Ng5 Nd4 26. Qd3 Qe7 27. Bf3 Nxf3+ 28. Nxf3
Bb7 29. Qf1 Rfe8 30. Ra3 Be4 31. Kh1 Bxf3 32. Rxf3 Qe2 33. b3 Bd4 34. Bd2 Re4
35. Qxe2 Rxe2 36. Bc3 Rbe8 37. h3 R8e4 38. Bxd4 cxd4 39. Kh2 Kf7 40. Rfd3 Rxf4
41. Rxd4 Rxd4 42. Rxd4 Re3 43. Rd7+ Ke6 44. Rb7 Rxb3 45. c5 Kd5 46. cxb6 h5 47.
Ra7 Rxb6 48. Rxa5+ Ke4 49. h4 Kf4 50. Rb5 Rc6 51. a5 Rc4 52. Rb6 g5 53. a6 Ra4
1/2-1/2

[Event "SV Kamen 1 - Elberfelder SG 1"]
[Site "NRW-Klasse, Gruppe 1 2014/201"]
[Date "2015.04.26"]
[Round "9.6"]
[White "Huckebrink, Chris"]
[Black "Bachmann, David"]
[Result "1/2-1/2"]
[WhiteElo "2065"]
[BlackElo "1926"]
[Annotator "Hausrath,Daniel"]
[PlyCount "98"]
[EventDate "2015.??.??"]
[WhiteTeam "SV Kamen 1"]
[BlackTeam "Elberfelder SG 1"]

1. d4 g6 2. Nf3 Bg7 3. e4 c5 4. dxc5 Qa5+ 5. Bd2 Qxc5 6. Bc3 Bxc3+ 7. Nxc3 Nf6
8. Qd2 O-O 9. O-O-O Nc6 10. Bd3 d6 11. h3 Be6 12. g4 Rfc8 13. Ng5 Ne5 14. Nxe6
fxe6 15. f4 Nc4 16. Bxc4 Qxc4 17. Rhe1 Rc5 18. f5 gxf5 19. gxf5 e5 20. Re2 Kh8
$11 21. Rg1 Rg8 22. Reg2 Rcc8 23. Rxg8+ Rxg8 24. Rxg8+ Kxg8 25. Qg2+ Kf8 26.
Qf3 a6 27. a4 Qd4 28. b3 Kg7 29. Qg3+ Kf8 30. Qf3 $11 d5 31. exd5 e4 32. Qg3
Nxd5 33. Nxd5 Qxd5 34. Qg5 Qd4 35. Qh6+ Kg8 36. Qg5+ Kf7 37. Qh5+ Kg7 38. Qg5+
Kf7 39. Qh5+ Kf6 40. Qxh7 Qe3+ 41. Kd1 Qf3+ 42. Ke1 Qc3+ 43. Kd1 Qf3+ 44. Ke1
e3 45. Qg6+ Ke5 46. Qe6+ Kd4 47. Qc4+ Ke5 48. Qe6+ Kf4 49. Qc4+ Kg3 1/2-1/2

[Event "SV Kamen 1 - Elberfelder SG 1"]
[Site "NRW-Klasse, Gruppe 1 2014/201"]
[Date "2015.04.26"]
[Round "9.7"]
[White "Fuchs, Thomas"]
[Black "Seepe, Udo"]
[Result "1/2-1/2"]
[WhiteElo "1958"]
[BlackElo "2053"]
[PlyCount "28"]
[EventDate "2015.??.??"]
[WhiteTeam "Elberfelder SG 1"]
[BlackTeam "SV Kamen 1"]

1. d4 d5 2. Bf4 Nf6 3. e3 g6 4. Nf3 Bg7 5. h3 c5 6. c3 O-O 7. Bd3 b6 8. a4 Nc6
9. O-O Bb7 10. Nbd2 Nd7 11. Qe2 e5 12. dxe5 Ndxe5 13. Bc2 Qc8 14. Nxe5 Nxe5
1/2-1/2

[Event "SV Kamen 1 - Elberfelder SG 1"]
[Site "NRW-Klasse, Gruppe 1 2014/201"]
[Date "2015.04.26"]
[Round "9.8"]
[White "Neumann, Carsten"]
[Black "Arold, Gerhard"]
[Result "1/2-1/2"]
[WhiteElo "2010"]
[BlackElo "1986"]
[PlyCount "29"]
[EventDate "2015.??.??"]
[WhiteTeam "SV Kamen 1"]
[BlackTeam "Elberfelder SG 1"]

1. Nf3 Nf6 2. d4 g6 3. Nc3 d5 4. Bf4 Bg7 5. e3 c6 6. Be2 Bf5 7. Ne5 Nbd7 8. g4
Be6 9. f3 Nb6 10. h4 h5 11. Qd3 Nc4 12. Rb1 Nxe5 13. Bxe5 hxg4 14. fxg4 Qd7 15.
g5 1/2-1/2

[Event "SG Bochum 2 - DJK Aufwärts Aachen 2"]
[Site "NRW-Klasse, Gruppe 2 2014/201"]
[Date "2014.09.14"]
[Round "1.4"]
[White "Schlawin, Marlon"]
[Black "Buscher, Michael"]
[Result "1/2-1/2"]
[WhiteElo "2222"]
[BlackElo "2317"]
[PlyCount "20"]
[EventDate "2014.??.??"]
[WhiteTeam "SG Bochum 2"]
[BlackTeam "DJK Aufwärts Aachen 2"]

1. e4 c5 2. Nf3 d6 3. c3 Nf6 4. Bd3 Nc6 5. O-O e5 6. Re1 Be7 7. Bc2 Bg4 8. h3
Bh5 9. d3 h6 10. Nbd2 g5 1/2-1/2

[Event "SG Bochum 2 - DJK Aufwärts Aachen 2"]
[Site "NRW-Klasse, Gruppe 2 2014/201"]
[Date "2014.09.14"]
[Round "1.5"]
[White "Marcziter, Dmitrii"]
[Black "Kitte, Sebastian"]
[Result "1/2-1/2"]
[WhiteElo "2152"]
[BlackElo "2204"]
[PlyCount "24"]
[EventDate "2014.??.??"]
[WhiteTeam "DJK Aufwärts Aachen 2"]
[BlackTeam "SG Bochum 2"]

1. d4 Nf6 2. c4 e6 3. Nf3 Bb4+ 4. Bd2 a5 5. g3 d6 6. Bg2 Nbd7 7. O-O e5 8. e3
Bxd2 9. Nfxd2 O-O 10. Nc3 c6 11. a3 Qe7 12. b4 Nb6 1/2-1/2

[Event "SG Bochum 2 - DJK Aufwärts Aachen 2"]
[Site "NRW-Klasse, Gruppe 2 2014/201"]
[Date "2014.09.14"]
[Round "1.6"]
[White "Sokalsky, Alexander"]
[Black "Van Dooren, Dirk"]
[Result "1/2-1/2"]
[WhiteElo "2198"]
[BlackElo "2196"]
[PlyCount "30"]
[EventDate "2014.??.??"]
[WhiteTeam "SG Bochum 2"]
[BlackTeam "DJK Aufwärts Aachen 2"]

1. Nf3 e6 2. g3 f5 3. Bg2 Nf6 4. c4 Be7 5. O-O O-O 6. d4 d6 7. Nc3 Ne4 8. Qc2
Nxc3 9. Qxc3 a5 10. Qc2 Bf6 11. Bd2 Nc6 12. d5 Nb4 13. Qb3 c5 14. a3 a4 15. Qd1
Na6 1/2-1/2

[Event "SG Bochum 2 - DJK Aufwärts Aachen 2"]
[Site "NRW-Klasse, Gruppe 2 2014/201"]
[Date "2014.09.14"]
[Round "1.7"]
[White "Juegel, Marcel"]
[Black "Kahleys, Kevin"]
[Result "1/2-1/2"]
[WhiteElo "2164"]
[BlackElo "2192"]
[PlyCount "27"]
[EventDate "2014.??.??"]
[WhiteTeam "DJK Aufwärts Aachen 2"]
[BlackTeam "SG Bochum 2"]

1. d4 d5 2. Nf3 Nf6 3. e3 g6 4. Nbd2 Bg7 5. Bd3 O-O 6. b3 a5 7. Bb2 c6 8. Ne5
Nbd7 9. f4 Qb6 10. Ndf3 c5 11. O-O a4 12. dxc5 Nxc5 13. Bd4 Qd6 14. Bb5 1/2-1/2

[Event "SG Bochum 2 - DJK Aufwärts Aachen 2"]
[Site "NRW-Klasse, Gruppe 2 2014/201"]
[Date "2014.09.14"]
[Round "1.8"]
[White "Tkachuk, Sergij"]
[Black "Tochtenhagen, Wolfgang"]
[Result "1/2-1/2"]
[WhiteElo "2176"]
[BlackElo "2103"]
[Annotator "Doe,John"]
[PlyCount "69"]
[EventDate "2014.??.??"]
[WhiteTeam "SG Bochum 2"]
[BlackTeam "DJK Aufwärts Aachen 2"]

1. e4 c5 2. Nf3 g6 3. d4 cxd4 4. Nxd4 Bg7 5. Nc3 Nc6 6. Be3 Nf6 7. Be2 O-O 8.
O-O d5 9. exd5 Nb4 10. d6 Qxd6 11. Ncb5 Qd8 12. c4 a6 13. Qa4 Nc6 14. Nxc6 bxc6
15. Nc3 Qc7 16. h3 Rb8 17. Qa3 Nd7 18. Rad1 a5 19. Na4 Re8 20. b3 f5 $11 21.
Nc5 Nxc5 22. Bxc5 Bc3 23. Rd3 Bb4 24. Bxb4 axb4 25. Qb2 Be6 26. Rfd1 Rbd8 27.
a4 bxa3 28. Qxa3 Rxd3 29. Rxd3 c5 30. Bf3 Bf7 31. Bd5 e6 32. Bf3 Rb8 33. h4 h5
34. Qa1 Rd8 35. Rxd8+ 1/2-1/2

[Event "SV Castrop-Rauxel 1 - SF Katernberg 2"]
[Site "NRW-Klasse, Gruppe 2 2014/201"]
[Date "2014.09.14"]
[Round "1.1"]
[White "Scholz, Christian"]
[Black "Kartsev, Soel"]
[Result "1/2-1/2"]
[WhiteElo "2280"]
[BlackElo "2208"]
[PlyCount "49"]
[EventDate "2014.??.??"]
[WhiteTeam "SF Katernberg 2"]
[BlackTeam "SV Castrop-Rauxel 1"]

1. d4 Nf6 2. c4 e6 3. Nf3 b6 4. g3 Ba6 5. b3 Bb4+ 6. Bd2 Be7 7. Nc3 c6 8. Bg2
d5 9. O-O O-O 10. Bf4 Nbd7 11. Re1 Rc8 12. Rc1 Ba3 13. Rc2 Bb4 14. a3 Bxc3 15.
Rxc3 Ne4 16. Rc1 g5 17. Be3 f5 18. Rf1 Qf6 19. h4 h6 20. hxg5 hxg5 21. Ne5 Nxe5
22. dxe5 Qg6 23. Qc2 Rf7 24. Bxe4 dxe4 25. f4 1/2-1/2

[Event "SV Castrop-Rauxel 1 - SF Katernberg 2"]
[Site "NRW-Klasse, Gruppe 2 2014/201"]
[Date "2014.09.14"]
[Round "1.2"]
[White "Kusnetsov, Mark"]
[Black "Rosen, Bernd"]
[Result "0-1"]
[WhiteElo "2166"]
[BlackElo "2277"]
[PlyCount "84"]
[EventDate "2014.??.??"]
[WhiteTeam "SV Castrop-Rauxel 1"]
[BlackTeam "SF Katernberg 2"]

1. e4 e6 2. d4 d5 3. exd5 exd5 4. Bd3 Nf6 5. Ne2 c5 6. c3 Be7 7. Nd2 O-O 8. h3
Nc6 9. Nf3 Ne4 10. O-O Bf5 11. dxc5 Bxc5 12. b4 Bd6 13. Bb2 Re8 14. Ned4 Bg6
15. Re1 Rc8 16. Qb3 Ne5 17. Nxe5 Bxe5 18. Rad1 Nxf2 19. Kxf2 Qh4+ 20. Kf1 Bxd4
21. cxd4 Bh5 22. Be2 Bxe2+ 23. Rxe2 Rxe2 24. Kxe2 Qe4+ 25. Kf1 Rc2 26. Qf3
Qxf3+ 27. gxf3 Rxb2 28. Rc1 g6 29. Rc5 Rxb4 30. Rxd5 Kf8 31. Rd7 Ke8 32. Rc7
Rxd4 33. Rxb7 Rd3 34. Rxa7 Rxf3+ 35. Kg2 Re3 36. a4 Ra3 37. a5 Kf8 38. a6 Kg7
39. Ra8 h5 40. a7 Kf6 41. Kf2 Kf5 42. Ke2 Kf4 0-1

[Event "SV Castrop-Rauxel 1 - SF Katernberg 2"]
[Site "NRW-Klasse, Gruppe 2 2014/201"]
[Date "2014.09.14"]
[Round "1.3"]
[White "Heinz, Timothée"]
[Black "Boehnke, Martin"]
[Result "1-0"]
[WhiteElo "2326"]
[BlackElo "2097"]
[PlyCount "71"]
[EventDate "2014.??.??"]
[WhiteTeam "SF Katernberg 2"]
[BlackTeam "SV Castrop-Rauxel 1"]

1. c4 c6 2. Nf3 d5 3. d4 Nf6 4. e3 Bf5 5. Nc3 e6 6. Nh4 Bg4 7. Qb3 Qb6 8. h3
Bh5 9. g4 Bg6 10. c5 Qc7 11. Nxg6 hxg6 12. Bg2 Nbd7 13. Bd2 O-O-O 14. O-O-O b6
15. cxb6 Qxb6 16. Qc2 Kb8 17. Na4 Qb7 18. Kb1 Rc8 19. Rc1 Be7 20. Bc3 c5 21.
dxc5 Nxc5 22. Nxc5 Rxc5 23. Qd2 Rhc8 24. Be5+ Ka8 25. Rxc5 Rxc5 26. Bd4 Rc8 27.
Rc1 Rxc1+ 28. Qxc1 Ne8 29. Qc3 f6 30. Qc2 f5 31. Qa4 Nf6 32. Bf1 Bd8 33. Bb5
Kb8 34. g5 Ne4 35. Be5+ Bc7 36. Ba6 1-0

[Event "SV Castrop-Rauxel 1 - SF Katernberg 2"]
[Site "NRW-Klasse, Gruppe 2 2014/201"]
[Date "2014.09.14"]
[Round "1.4"]
[White "Werrn, Pascal"]
[Black "Bee, Marcus"]
[Result "1-0"]
[WhiteElo "2019"]
[BlackElo "2212"]
[PlyCount "65"]
[EventDate "2014.??.??"]
[WhiteTeam "SV Castrop-Rauxel 1"]
[BlackTeam "SF Katernberg 2"]

1. d4 g6 2. e4 Bg7 3. Nc3 c6 4. h4 h5 5. Be3 d6 6. Qd2 Nd7 7. O-O-O b5 8. d5 b4
9. Na4 c5 10. Bb5 Rb8 11. Bc6 Ngf6 12. e5 dxe5 13. Nxc5 Qa5 14. Kb1 O-O 15.
Nxd7 Bxd7 16. Bxd7 Nxd7 17. Bg5 Bf6 18. g4 Nc5 19. Ne2 Ne4 20. Qe3 Nc3+ 21.
bxc3 bxc3+ 22. Ka1 Rb2 23. Nxc3 Rc8 24. Kxb2 Qb4+ 25. Ka1 Rxc3 26. Qd2 Bg7 27.
Rb1 Qc4 28. Rb2 e4 29. Rc1 hxg4 30. Kb1 a5 31. Bxe7 e3 32. fxe3 Qe4 33. d6 1-0

[Event "SV Castrop-Rauxel 1 - SF Katernberg 2"]
[Site "NRW-Klasse, Gruppe 2 2014/201"]
[Date "2014.09.14"]
[Round "1.5"]
[White "Valkyser, Martin"]
[Black "Mueller, Frank"]
[Result "1-0"]
[WhiteElo "2186"]
[BlackElo "1990"]
[PlyCount "53"]
[EventDate "2014.??.??"]
[WhiteTeam "SF Katernberg 2"]
[BlackTeam "SV Castrop-Rauxel 1"]

1. d4 Nf6 2. c4 g6 3. g3 Bg7 4. Bg2 d5 5. cxd5 Nxd5 6. Nf3 O-O 7. O-O Nb6 8.
Nc3 Nc6 9. e3 Re8 10. Qe2 e5 11. dxe5 Nxe5 12. Nxe5 Bxe5 13. f4 Bg7 14. e4 Be6
15. Rd1 Qe7 16. Be3 Nc4 17. Bf2 Qb4 18. Rab1 Rad8 19. e5 Rxd1+ 20. Qxd1 Bf5 21.
a3 Qa5 22. Be4 Nxb2 23. Qc2 Nc4 24. Bxf5 gxf5 25. Rxb7 Nxa3 26. Qb3 a6 27. Bb6
1-0

[Event "SV Castrop-Rauxel 1 - SF Katernberg 2"]
[Site "NRW-Klasse, Gruppe 2 2014/201"]
[Date "2014.09.14"]
[Round "1.6"]
[White "Kock, Wolfgang"]
[Black "Wessendorf, Thomas"]
[Result "0-1"]
[WhiteElo "1973"]
[BlackElo "2198"]
[PlyCount "56"]
[EventDate "2014.??.??"]
[WhiteTeam "SV Castrop-Rauxel 1"]
[BlackTeam "SF Katernberg 2"]

1. c4 g6 2. g3 Bg7 3. Bg2 Nf6 4. Nc3 O-O 5. d3 d6 6. Bd2 Nc6 7. Qc1 e5 8. Bh6
Be6 9. Bxg7 Kxg7 10. h4 h6 11. Nf3 Qd7 12. Qd2 Rae8 13. e4 Bg4 14. Nh2 Nd4 15.
f3 Bh3 16. g4 Bxg2 17. Qxg2 c6 18. O-O Qe7 19. Qf2 Nd7 20. f4 f5 21. exf5 gxf5
22. g5 Nc5 23. fxe5 dxe5 24. Kh1 hxg5 25. hxg5 Rh8 26. Qg3 Rh5 27. Rg1 Reh8 28.
Rg2 Rh3 0-1

[Event "SV Castrop-Rauxel 1 - SF Katernberg 2"]
[Site "NRW-Klasse, Gruppe 2 2014/201"]
[Date "2014.09.14"]
[Round "1.7"]
[White "Gassmann, Volker"]
[Black "Rohovoy, Dmitrij"]
[Result "1-0"]
[WhiteElo "2141"]
[BlackElo "1915"]
[Annotator "Doe,John"]
[PlyCount "135"]
[EventDate "2014.??.??"]
[WhiteTeam "SF Katernberg 2"]
[BlackTeam "SV Castrop-Rauxel 1"]

1. d4 Nf6 2. c4 e6 3. Nc3 d5 4. cxd5 exd5 5. Bg5 c6 6. Qc2 Be7 7. e3 Bg4 8. Bd3
Nbd7 9. f3 Bh5 10. Nge2 Bg6 11. O-O Bxd3 12. Qxd3 O-O 13. Bh4 Re8 14. Rfe1 Nf8
15. Rad1 Ng6 16. Bf2 Qd7 17. Kh1 Rad8 18. Bg1 Bd6 19. a3 Qe7 20. Ng3 Bxg3 21.
hxg3 Nh5 22. Bh2 Qg5 23. g4 Nf6 24. Kg1 Nh4 25. Bf4 Qg6 26. Qxg6 Nxg6 27. Bg3
Re7 28. Kf2 Rde8 29. Na4 Nf8 30. Nc5 Rd8 31. b4 Ne6 32. Nd3 Ree8 33. Bh4 h6 34.
Bxf6 gxf6 35. Rh1 Kg7 36. Rh4 Rh8 37. Nc1 Nc7 38. Ne2 Nb5 39. Ng3 Nxa3 40. Nf5+
Kf8 41. Ke2 Nb5 42. Rdh1 Nd6 43. Nxh6 Ke7 44. Kd3 Rhe8 45. Rh5 Ra8 46. Ra1 Kd7
$11 47. g5 fxg5 48. Ng4 Kc7 49. Rxg5 Kb6 50. Ne5 Nc4 51. Rf5 Nxe5+ 52. dxe5 Re7
53. Kd4 Kb5 54. Rh5 Rd7 55. Rb1 Rc8 56. g4 a5 57. bxa5+ Kxa5 58. Rh2 c5+ 59.
Kd3 b5 60. Rh6 b4 61. Ra1+ Kb5 62. Rha6 b3 63. R1a5+ Kb4 64. Ra4+ Kb5 65. Kc3
d4+ 66. Kxb3 c4+ 67. Ka3 c3 68. Kb3 1-0

[Event "SV Castrop-Rauxel 1 - SF Katernberg 2"]
[Site "NRW-Klasse, Gruppe 2 2014/201"]
[Date "2014.09.14"]
[Round "1.8"]
[White "Mittelbachert, Ulrich"]
[Black "Dahm, Bernd"]
[Result "0-1"]
[WhiteElo "1864"]
[BlackElo "2111"]
[PlyCount "76"]
[EventDate "2014.??.??"]
[WhiteTeam "SV Castrop-Rauxel 1"]
[BlackTeam "SF Katernberg 2"]

1. Nf3 Nf6 2. g3 b6 3. Bg2 Bb7 4. O-O e6 5. d3 Be7 6. Nbd2 O-O 7. e4 d5 8. Re1
c5 9. e5 Nfd7 10. Qe2 d4 11. h4 Nc6 12. a3 Qc7 13. Nf1 Rfd8 14. Bf4 Bf8 15.
N1h2 Ne7 16. Ng4 Nd5 17. Bd2 Rac8 18. Ng5 Be7 19. Qe4 Nf8 20. Qf3 Bxg5 21. Bxg5
Rd7 22. Qe2 Ne7 23. h5 Bxg2 24. Kxg2 Nd5 25. h6 g6 26. Qf3 Qc6 27. Kg1 Rb7 28.
Nf6+ Kh8 29. Ne4 Rd7 30. Bf6+ Kg8 31. Bg7 Rdc7 32. Nd6 Rb8 33. Bf6 Nd7 34. b3
N5xf6 35. Qf4 Rf8 36. exf6 e5 37. Nf5 Qxf6 38. Ne7+ Qxe7 0-1

[Event "Gütersloher SV 1 - Herforder SV Königss"]
[Site "NRW-Klasse, Gruppe 2 2014/201"]
[Date "2014.09.14"]
[Round "1.1"]
[White "Wolf, Andre"]
[Black "Grochtmann, Stephan"]
[Result "1-0"]
[WhiteElo "2143"]
[BlackElo "2044"]
[PlyCount "53"]
[EventDate "2014.??.??"]
[WhiteTeam "Herforder SV Königsspringer 1"]
[BlackTeam "Gütersloher SV 1"]

1. e4 c5 2. Nf3 d6 3. c3 Nf6 4. Bd3 Nc6 5. h3 e5 6. Bc2 Be7 7. d4 exd4 8. cxd4
O-O 9. Nc3 Nb4 10. Bb1 cxd4 11. Nxd4 d5 12. e5 Ne4 13. O-O Nxc3 14. bxc3 Nc6
15. f4 f6 16. Qh5 f5 17. Nxf5 Bxf5 18. Bxf5 Bc5+ 19. Kh1 g6 20. Bxg6 hxg6 21.
Qxg6+ Kh8 22. Qh6+ Kg8 23. Rf3 Kf7 24. e6+ Ke7 25. f5 Qe8 26. Bg5+ Kd6 27. e7+
1-0